El lenguaje y el entendimiento

Na minha lista:
Detalhes bibliográficos
Autor principal: Chomsky, Noam
Formato: Livro
Idioma:Undetermined
Publicado em: Barcelona, España Seix Barral 1977
Assuntos:
Tags: Adicionar Tag
Sem tags, seja o primeiro a adicionar uma tag!

MARC

LEADER 00000nam a2200000Ia 4500
008 170316s9999 xx 000 0 und d
090 |a 410 Ch-7Le 
100 |a Chomsky, Noam 
245 |a El lenguaje y el entendimiento 
260 |a Barcelona, España 
260 |b Seix Barral 
260 |c 1977 
300 |a 317 páginas 
650 |a LINGÜÍSTICA 
999 |c 18328  |d 18328 
040 |a cru BVZT 
942 |c 15 D  |h 410 Ch-7Le  |2 z